Eduardo "El Chato" Villamizar Lamus : un hombre necesario /

Detalles Bibliográficos
Autor principal: Maldonado Pérez, Guillermo, 1945- (Autor)
Formato: Electrónico eBook
Lenguaje:español
Publicado: [Pamplona, Colombia] : Sello Editorial Unipamplona, [2021]
Materias:
Acceso en línea:Digitalia Hispánica

MARC

LEADER 00000nam a2200000 i 4500
001 DIGUPAMP0046
003 NyNyDIG
007 cr |||||||||||
008 250902s2021 ck o o 000 0bspa d
006 m o d
035 |a (OCoLC)1536544677 
040 |a DGITA  |b eng  |e rda  |e pn  |c DGITA 
020 |z 9789585358140 
043 |a s-ck--- 
050 1 4 |a LA2365.C72 ebook 
100 1 |a Maldonado Pérez, Guillermo,  |d 1945-  |e author. 
245 1 0 |a Eduardo "El Chato" Villamizar Lamus :  |b un hombre necesario /  |c Guillermo Maldonado Pérez. 
264 1 |a [Pamplona, Colombia] :  |b Sello Editorial Unipamplona,  |c [2021] 
300 |a 1 online resource :  |b photographs. 
336 |a text  |b txt  |2 rdacontent 
337 |a computer  |b c  |2 rdamedia 
338 |a online resource  |b cr  |2 rdacarrier 
347 |a text file  |2 rdaft 
347 |b PDF 
500 |a "Cofundador de la Universidad de Pamplona, rector histórico, líder cívico, adalid de una época, pamplonés entrañable. Su vida, una historia de Nueva Pamplona en la segunda mitad del siglo XX". 
588 0 |a Online resource; title from PDF title page (Digitalia, viewed September 2, 2025) 
600 1 0 |a Villamizar Lamus, Eduardo. 
650 0 |a Educators  |z Colombia  |v Biography. 
791 2 |a Digitalia (Firm),  |e distributor. 
793 0 |g Digitalia eBook Collection:  |a Universidad de Pamplona 
776 0 8 |i Print version:  |a Maldonado Pérez, Guillermo, 1945-  |t Eduardo "El Chato" Villamizar Lamus.  |b Primera edición.  |d [Pamplona, Colombia] : Sello Editorial Unipamplona, [2021]  |z 9789585358140 
856 4 0 |3 Digitalia Hispánica  |u https://www.digitaliapublishing.com/a/133336/ 
910 |a Premium collection: 2025